[Event "8th Nana Aleksandria"]
[Site "Poti GEO"]
[Date "2013.07.14"]
[Round "2.4"]
[White "Vakhania,A"]
[Black "Harutjunyan,G"]
[Result "0-1"]
[WhiteElo "2188"]
[BlackElo "2456"]

1.d4 Nf6 2.Bg5 Ne4 3.Bf4 d5 4.e3 Bf5 5.Bd3 e6 6.Ne2 Nd7 7.O-O c6 8.f3 Nef6
9.Nbc3 Bxd3 10.Qxd3 Be7 11.e4 O-O 12.Bg5 dxe4 13.fxe4 e5 14.Kh1 exd4 15.Qxd4 Ng4
16.Bxe7 Qxe7 17.h3 Nge5 18.b3 Rfe8 19.Rad1 g6 20.Qd6 Qxd6 21.Rxd6 Re7 22.Nd4 Rae8
23.Nf3 Nc5 24.Rfd1 a5 25.a3 Kg7 26.b4 Na6 27.Nxe5 Rxe5 28.Rb1 R8e7 29.Kh2 h5
30.Rd4 axb4 31.axb4 b5 32.Rd6 R5e6 33.Rd4 Kf6 34.Ra1 Nb8 35.Kg3 Nd7 36.Ra6 Ke5
37.Rd1 Nf6 38.Kf3 h4 39.Rd8 Rd7 40.Rxd7 Nxd7 41.Ne2 Rd6 42.Ke3 Nf6 43.Ra7 Nxe4
44.Rxf7 Nd2 45.Re7+ Kf6 46.Rc7 Nc4+ 47.Kf3 Kf5 48.Rf7+ Kg5 49.Rf8 Rd1 50.Nf4 Re1
51.Kf2 Re4 52.Nd3 Ne3 53.Nc5 Re7 54.Rc8 Nxc2 55.Rxc6 Nxb4 56.Rb6 Re5 57.Ne6+ Kh6
58.g4 hxg3+ 59.Kxg3 Nd3 60.Nf4 Re3+ 61.Kg4 Re4 62.Rxg6+ Kh7 63.Rd6 Nxf4 64.Kf5 Rc4
65.h4 Ne2 66.Rb6 Rxh4 67.Kg5 Rb4 68.Rb7+ Kg8 69.Kg6 Nf4+ 70.Kf6 Nd3 71.Rb8+ Kh7
72.Ke6 Rb2 73.Kd5 Nb4+ 74.Ke4 Re2+ 75.Kf4 Nd5+ 76.Kf3 Re3+ 77.Kf2 Rb3 78.Ke2 Kg6
79.Rf8 b4 80.Kd2 Ra3 81.Kc2 Ne3+ 82.Kc1 Nc4 83.Rf4 Rc3+ 84.Kb1 b3 85.Rf8 Rc2  0-1

[Event "17th Battle of Senta"]
[Site "Senta SRB"]
[Date "2013.07.14"]
[Round "2.18"]
[White "Suc,T"]
[Black "Markovic,Alek"]
[Result "1/2-1/2"]
[WhiteElo "2137"]
[BlackElo "2111"]

1.d4 Nf6 2.Bg5 Ne4 3.Bf4 d6 4.f3 Nf6 5.e4 Nbd7 6.Nc3 e5 7.Be3 Be7 8.Nge2 c6
9.Qd2 Nb6 10.Ng3 exd4 11.Bxd4 c5 12.Bb5+ Bd7 13.Bxf6 Bxf6 14.Nf5 Bxc3 15.Bxd7+ Qxd7
16.Qxc3 O-O-O 17.O-O-O Qe6 18.Kb1 Rhg8 19.Ne3 g6 20.Qb3 Qxb3 21.axb3 Rge8
22.Rd3 Re6 23.Rhd1 Kc7 24.Nd5+  1/2-1/2

[Event "17th Battle of Senta"]
[Site "Senta SRB"]
[Date "2013.07.14"]
[Round "3.11"]
[White "Desnica,V"]
[Black "Sente,D"]
[Result "1-0"]
[WhiteElo "2257"]
[BlackElo "2082"]

1.d4 Nf6 2.Bg5 Ne4 3.Bf4 c5 4.f3 Nf6 5.dxc5 Qa5+ 6.Qd2 Qxc5 7.e4 d6 8.Nc3 a6
9.O-O-O Nbd7 10.Nge2 e5 11.Be3 Qc7 12.g4 Nb6 13.Ng3 Be6 14.Kb1 h6 15.Qf2 Nc4
16.Bxc4 Qxc4 17.Bb6 d5 18.exd5 Nxd5 19.Nxd5 Bxd5 20.b3 Qc6 21.Rhe1 Be6 22.Rxe5 Bd6
23.Rxe6+ fxe6 24.Qd4 Bxg3 25.Qxg7 Rf8 26.Bc5  1-0

[Event "17th Battle of Senta"]
[Site "Senta SRB"]
[Date "2013.07.16"]
[Round "5.13"]
[White "Djuza,Z"]
[Black "Tancik,K"]
[Result "0-1"]
[WhiteElo "2063"]
[BlackElo "2272"]

1.d4 Nf6 2.Bg5 Ne4 3.Bf4 e5 4.Bxe5 Nc6 5.Bg3 d5 6.e3 h5 7.f3 Nxg3 8.hxg3 Qg5
9.Kf2 h4 10.gxh4 Rxh4 11.f4 Qh6 12.Rxh4 Qxh4+ 13.g3 Qh2+ 14.Bg2 Bf5 15.c3 O-O-O
16.Nf3 Qh6 17.Nbd2 Qe6 18.Qh1 f6 19.Nh4 Bg4 20.Bf3 g5 21.Bxg4 Qxg4 22.Qf3 Qd7
23.Ng2 gxf4 24.exf4 Kb8 25.Nh4 Qh7 26.Qe2 Bd6 27.Ng2 Rg8 28.Nf1 Ne7 29.Re1 a6
30.a3 Rg7 31.b4 Ka7 32.a4 Ng8 33.Nfe3 c6 34.b5 f5 35.Rb1 Nf6 36.b6+ Ka8 37.Nf1 Ne4+
38.Kg1 Qh3 39.Qe3 Nxg3 40.Qe8+ Bb8 41.Nxg3 Qxg3 42.Rb2 Qxf4 43.Rf2 Qh2+ 44.Kf1 Qh1+
45.Ke2 Rxg2  0-1

[Event "XV Sant Marti Open A"]
[Site "Barcelona ESP"]
[Date "2013.07.17"]
[Round "5.50"]
[White "Severri Arrese,C"]
[Black "Grebstad,K"]
[Result "0-1"]
[WhiteElo "1905"]
[BlackElo "2005"]

1.d4 Nf6 2.Bg5 Ne4 3.Bf4 d5 4.Nd2 Bf5 5.Nxe4 Bxe4 6.f3 Bg6 7.e3 e6 8.Bd3 c5
9.c3 Nc6 10.Ne2 Bd6 11.O-O O-O 12.Bxd6 Qxd6 13.f4 Bxd3 14.Qxd3 c4 15.Qc2 f5
16.Rf3 b5 17.Rh3 a5 18.g4 g6 19.Rg3 b4 20.Kh1 a4 21.a3 bxc3 22.Nxc3 Na5 23.Rag1 Nb3
24.Qg2 Kh8 25.Rh3 fxg4 26.Qxg4 Qe7 27.Rh6 Rg8 28.Qh3 Qf7 29.Rg5 Nc1 30.Qg2 Nd3
31.Nd1 Rab8 32.Rh3 c3 33.bxc3 Rb1 34.Qe2 Rxd1+ 35.Kg2 Ne1+ 36.Kg3 Rb1 37.Qa6 Rb2
38.Qd6 Rg2+ 39.Kh4 Rxg5 40.Kxg5 Qf5+ 41.Kh4 g5+ 42.Kg3 gxf4+ 43.Kf2 Qc2+
44.Kf1 Rg1+  0-1

[Event "15th TCh-Eur Senior"]
[Site "Dresden GER"]
[Date "2013.07.20"]
[Round "1"]
[White "Nickl,K"]
[Black "Guenther,Egbert"]
[Result "1-0"]
[WhiteElo "2101"]
[BlackElo "2032"]

1.d4 Nf6 2.Bg5 Ne4 3.Bf4 d5 4.e3 e6 5.Bd3 Bd6 6.Ne2 Nf6 7.c4 Bxf4 8.Nxf4 O-O
9.Nc3 c6 10.O-O dxc4 11.Bxc4 Nbd7 12.Nd3 b5 13.Bb3 Rb8 14.Bc2 b4 15.Na4 Ba6
16.Re1 Bxd3 17.Qxd3 Qa5 18.e4 Qb5 19.e5 Qxd3 20.Bxd3 Nd5 21.Rac1 Rfc8 22.Nc5 Nxc5
23.Rxc5 g6 24.Rec1 Rb6 25.g3 Ne7 26.Ra5 Rc7 27.Be4 Rd7 28.Rc4 Rc7 29.Kf1 Kg7
30.Ke2 f6 31.f4 f5 32.Bf3 a6 33.Kd3 Rc8 34.Kc2 Rcb8 35.Kb3 Nd5 36.Ra4 Kf7
37.Bxd5 exd5 38.Rcxb4 a5 39.Rxb6 Rxb6+ 40.Kc3 Rb5 41.b4  1-0

[Event "8th Nana Aleksandria"]
[Site "Poti GEO"]
[Date "2013.07.20"]
[Round "9.8"]
[White "Vakhania,A"]
[Black "Shalamberidze,A"]
[Result "1/2-1/2"]
[WhiteElo "2188"]
[BlackElo "2395"]

1.d4 Nf6 2.Bg5 Ne4 3.Bf4 c5 4.e3 Qb6 5.Nc3 Nxc3 6.bxc3 e6 7.Bd3 cxd4 8.exd4 Qc6
9.Nf3 Qxc3+ 10.Bd2 Qc7 11.O-O Be7 12.Ng5 h6 13.Qh5 Bxg5 14.Bxg5 Qa5 15.f4 Rf8
16.f5 hxg5 17.fxe6 dxe6 18.Rxf7 Rxf7 19.Rf1 Kd8 20.Qxf7 Bd7 21.Be4 Nc6 22.Qf8+ Kc7
23.Qxa8 Nd8 24.Rb1 Qa3 25.Rxb7+ Nxb7 26.Qxb7+ Kd8 27.h3 Qe3+ 28.Kh1 Qxd4
29.Bf3 Ke7 30.c4 Qc5 31.Qa6 Kf6 32.Qb7 Ke7 33.Qa6 Kf6 34.Qb7 Bc8 35.Qb2+ e5
36.Bd5 g4 37.hxg4 Bxg4 38.Qb7 Bh5 39.Qd7 Qb6 40.c5 Qxc5 41.Qe6+ Kg5 42.Qxe5+ Kh6  1/2-1/2

[Event "Horsens Lang Weekend 2013"]
[Site "Horsens DEN"]
[Date "2013.07.21"]
[Round "7.12"]
[White "Klitgaard,T"]
[Black "Konstantinov,Ma"]
[Result "1-0"]
[WhiteElo "2176"]
[BlackElo "2001"]

1.d4 Nf6 2.Bg5 Ne4 3.Bf4 d5 4.e3 e6 5.Bd3 Bd6 6.Ne2 Nd7 7.Bxe4 Bxf4 8.Nxf4 dxe4
9.Nc3 Nf6 10.Nh5 Nxh5 11.Qxh5 O-O 12.Nxe4 Qd5 13.Qxd5 exd5 14.Nc5 Rb8 15.Kd2 Re8
16.Rhc1 Be6 17.b3 c6 18.b4 f6 19.Nxe6 Rxe6 20.c4 Rd8 21.c5 f5 22.a4 Kf7 23.b5 Re7
24.bxc6 bxc6 25.Rab1 Rc7 26.Rb3 Ke7 27.Rcb1 Rdd7 28.a5 Kd8 29.a6 Rf7 30.f3 Rfd7
31.Kd3 Re7 32.Rb8+ Rc8 33.R1b7 Rxb8 34.Rxb8+ Kd7 35.Ra8 Ke6 36.Rd8 Kf7 37.Rd6 Re6
38.Rd8 Re7 39.Rc8  1-0

[Event "65th ch-MNE 2013"]
[Site "Cetinje SRB"]
[Date "2013.07.23"]
[Round "4.16"]
[White "Djukanovic,M"]
[Black "Stamatovic,V"]
[Result "0-1"]
[WhiteElo "1777"]
[BlackElo "1889"]

1.d4 Nf6 2.Bg5 Ne4 3.h4 d5 4.Nd2 Nd6 5.e3 Nc6 6.c4 dxc4 7.Nxc4 Nxc4 8.Bxc4 f6
9.Bf4 e5 10.dxe5 Bb4+ 11.Kf1 Qxd1+ 12.Rxd1 fxe5 13.Bg3 h5 14.Bb5 O-O 15.Bxc6 bxc6
16.Bxe5 Ba6+ 17.Ne2 Rad8 18.Rd4 c5 19.Rxd8 Rxd8 20.g3 Rd1+ 21.Kg2 Bb7+ 22.f3 Rxh1
23.Kxh1 Bxf3+ 24.Kg1 Bxe2 25.Bxc7 Be1  0-1

[Event "28th Avoine Open"]
[Site "Avoine FRA"]
[Date "2013.07.26"]
[Round "7.23"]
[White "Bonnaud,R"]
[Black "Monpeurt,C"]
[Result "1-0"]
[WhiteElo "2197"]
[BlackElo "2043"]

1.d4 Nf6 2.Bg5 Ne4 3.Bh4 c5 4.f3 g5 5.fxe4 gxh4 6.c3 Bg7 7.Nf3 cxd4 8.cxd4 Qb6
9.Qd2 Nc6 10.e3 d6 11.Nc3 Bg4 12.Nxh4 Bh6 13.Be2 Bxe2 14.Qxe2 O-O-O 15.Nf5 Bg5
16.O-O e6 17.h4 exf5 18.hxg5 fxe4 19.Rxf7 d5 20.Na4 Qa5 21.Nc5 b6 22.Qg4+ Kb8
23.Qg3+ Ka8 24.Qc7  1-0

[Event "65th ch-MNE 2013"]
[Site "Cetinje SRB"]
[Date "2013.07.26"]
[Round "7.14"]
[White "Kisic,B"]
[Black "Lekic,L"]
[Result "1/2-1/2"]
[WhiteElo "2047"]
[BlackElo "2054"]

1.d4 Nf6 2.Bg5 Ne4 3.h4 d5 4.Nd2 Bf5 5.Nxe4 Bxe4 6.f3 h6 7.fxe4 hxg5 8.Nf3 g4
9.Ne5 e6 10.Qd3 Bd6 11.O-O-O Bxe5 12.dxe5 c6 13.Qg3 Qc7 14.exd5 cxd5 15.e4 Nc6
16.exd5 Nb4 17.Bb5+ Kf8 18.Qb3 Nxd5 19.Bc4 Ne3 20.Qxe3 Qxc4 21.b3 Qc6 22.g3 Rh5
23.Qd4 Kg8 24.Rhf1 Rc8 25.c4 b5 26.Qd7 Qxd7 27.Rxd7 Rf5 28.Rxf5 exf5 29.Kc2 bxc4
30.b4 Rc6 31.Kc3 a6 32.a4 f6 33.exf6 Rxf6 34.Kxc4 f4 35.Rd1 fxg3 36.Rg1 Rf4+
37.Kc5 a5 38.b5 Rxa4 39.Rxg3 Rb4 40.b6 Kh7 41.Ra3 Rb1 42.Kc6 g5 43.hxg5 Kg6
44.b7 Rxb7 45.Kxb7 Kxg5 46.Kc6 Kf4 47.Kd5 g3 48.Rxa5 g2 49.Ra1  1/2-1/2

[Event "ch-AUT 2013"]
[Site "Feldkirch AUT"]
[Date "2013.07.26"]
[Round "7.10"]
[White "Sucher,J"]
[Black "Kleiser,G"]
[Result "0-1"]
[WhiteElo "2158"]
[BlackElo "2267"]

1.d4 Nf6 2.Bg5 Ne4 3.Bf4 d5 4.f3 Nf6 5.c4 c5 6.dxc5 Nc6 7.Nc3 d4 8.Na4 e5
9.Bd2 Be7 10.e4 dxe3 11.Bxe3 O-O 12.Qxd8 Rxd8 13.Ne2 Nb4 14.Kf2 Nc2 15.Rc1 Nxe3
16.Kxe3 Be6 17.Nec3 Nd7 18.g3 Nxc5 19.b3 Nxa4 20.Nxa4 Bg5+ 21.f4 exf4+ 22.gxf4 Re8
23.Kf3 Bf5 24.Rg1 Bf6 25.Bg2 h5 26.Rge1 Bh4 27.Re5 Rxe5 28.fxe5 Rd8 29.Nc3 Rd2
30.Bf1 Rf2+ 31.Ke3 Rxh2 32.Ne4 Rxa2 33.c5 Be7 34.Kf4 Be6 35.b4 g5+ 36.Ke3 Ra3+
37.Kd4 Ra4 38.Kc3 a5 39.Bc4 Rxb4 40.Bxe6 Rxe4 41.Bd5 Rxe5 42.Kd4 Bf6 43.Kc4 Re7
44.Rb1 Kg7 45.Bxb7 g4 46.Bc8 Rc7 47.Bf5 Be7 48.Rb5 Kf6 49.Be4 Ke5 50.Bd5 Rxc5+
51.Rxc5 Bxc5 52.Bxf7 h4 53.Bh5 g3  0-1

[Event "Karpacz Open 2013"]
[Site "Karpacz POL"]
[Date "2013.07.26"]
[Round "5.4"]
[White "Bednarek,S"]
[Black "Polok,K"]
[Result "1-0"]
[WhiteElo "2336"]
[BlackElo "2187"]

1.d4 Nf6 2.Bg5 Ne4 3.Bh4 d5 4.f3 Nd6 5.Nc3 c6 6.e4 dxe4 7.fxe4 g6 8.Qd2 Bg7
9.Nf3 O-O 10.Bg5 Nd7 11.e5 f6 12.Bf4 fxe5 13.dxe5 g5 14.Bg3 g4 15.exd6 gxf3
16.Bc4+ Kh8 17.O-O-O Nb6 18.Bb3 fxg2 19.Qxg2 Bg4 20.Qe4 Bxd1 21.dxe7 Bf3
22.exd8=Q Raxd8 23.Qe1 Rde8 24.Qg1 Bh6+ 25.Kb1 Be3 26.Bf2 Bxh1 27.Bxe3 Rxe3
28.Qxh1 Ref3 29.Qc1 c5 30.Be6 Rf1 31.Nd1 Rd8 32.Bg4 Nc4 33.a3 Nd2+ 34.Ka2 c4
35.b4 c3 36.Qa1 Ne4 37.Be2 Rdxd1 38.Bxd1 Kg7 39.Kb3 Kf6 40.Qc1 Ke5 41.Qh6 Kd4
42.Be2 Rb1+ 43.Ka4 Rg1 44.Bd3 Rg6 45.Qh4  1-0

[Event "VIII Vladimir Dvorkovich Open"]
[Site "Taganrog RUS"]
[Date "2013.07.26"]
[Round "5.14"]
[White "Kovalchuk,Al RUS"]
[Black "Chernov,AN"]
[Result "1-0"]
[WhiteElo "2235"]
[BlackElo "2048"]

1.d4 Nf6 2.Bg5 Ne4 3.Bf4 g6 4.f3 Nf6 5.e4 d6 6.Nc3 Bg7 7.Qd2 h6 8.O-O-O c6
9.g4 b5 10.h4 Qa5 11.Kb1 b4 12.Nce2 Be6 13.Nc1 Nbd7 14.Nge2 Nb6 15.Nb3 Qa4
16.Ng3 Bc4 17.Bd3 a5 18.g5 Nfd7 19.gxh6 Bf6 20.h5 Qb5 21.hxg6 fxg6 22.e5 a4
23.Bxg6+ Kd8 24.exf6 axb3 25.fxe7+ Kc8 26.cxb3 Rxa2 27.Kxa2 Bxb3+ 28.Kb1 Qa4
29.Kc1 Nc4 30.Qe2 Qa1+ 31.Bb1 Re8 32.Nf5 Kc7 33.Nxd6 Na3 34.Nxe8+ Kb6 35.Kd2 Bxd1
36.Rxd1  1-0

[Event "Sparkassen Open A 2013"]
[Site "Dortmund GER"]
[Date "2013.07.27"]
[Round "1.13"]
[White "Braeuer,K"]
[Black "Giraud,Valerian"]
[Result "0-1"]
[WhiteElo "2220"]
[BlackElo "1955"]

1.d4 Nf6 2.Bg5 Ne4 3.Bf4 c5 4.f3 Qa5+ 5.c3 Nf6 6.d5 Qb6 7.Bc1 e6 8.c4 Qb4+
9.Nc3 Qxc4 10.e4 Qb4 11.a3 Qb6 12.Bc4 exd5 13.exd5 d6 14.Qe2+ Be7 15.Bg5 O-O
16.O-O-O Nbd7 17.h4 Ne5 18.g4 a6 19.Bxf6 Bxf6 20.Ne4 Be7 21.Nh3 Qa5 22.Nhf2 b5
23.Bb3 c4 24.Bc2 b4 25.axb4 Qxb4 26.f4 Nxg4 27.Nxg4 Bxg4 28.Qxg4 f5 29.Qe2 fxe4
30.Qxe4 Bf6 31.Qxh7+ Kf7 32.Qh5+ Ke7 33.Qe2+ Kd8 34.Bg6 Rb8 35.Rh2 c3 36.Qxa6 c2
37.Kxc2 Qxb2+ 38.Kd3 Qd4+ 39.Ke2 Rb2+ 40.Ke1 Qe3+ 41.Kf1 Qxf4+  0-1

[Event "VIII Vladimir Dvorkovich Open"]
[Site "Taganrog RUS"]
[Date "2013.07.28"]
[Round "7.9"]
[White "Kovalchuk,Al RUS"]
[Black "Petrov,Ar"]
[Result "1/2-1/2"]
[WhiteElo "2235"]
[BlackElo "2402"]

1.d4 Nf6 2.Bg5 Ne4 3.Bf4 c5 4.f3 Qa5+ 5.c3 Nf6 6.d5 d6 7.e4 b5 8.Nd2 Bd7
9.Ne2 g6 10.Ng3 Bg7 11.Be2 O-O 12.O-O Qb6 13.Be3 a5 14.f4 a4 15.h3 Na6 16.Rb1 e6
17.dxe6 Bxe6 18.b3 axb3 19.axb3 b4 20.c4 Nb8 21.Nf3 Ra2 22.Qd3 Rd8 23.Rfd1 Nc6
24.Rd2 Rxd2 25.Qxd2 Bc8  1/2-1/2

[Event "100th ch-GBR 2013"]
[Site "Torquay ENG"]
[Date "2013.07.31"]
[Round "3.38"]
[White "Batchelor,Peter J"]
[Black "Haria,R"]
[Result "1/2-1/2"]
[WhiteElo "2118"]
[BlackElo "2133"]

1.d4 Nf6 2.Bg5 Ne4 3.Bf4 c5 4.f3 Qa5+ 5.c3 Nf6 6.Nd2 cxd4 7.Nb3 Qd8 8.cxd4 d5
9.e3 Nc6 10.Bb5 Qb6 11.Qd3 e6 12.Ne2 Bb4+ 13.Kf2 Bd7 14.Rac1 a6 15.Ba4 O-O
16.a3 Be7 17.Nc5 Bxc5 18.dxc5 Qxb2 19.Rb1 Ne5 20.Qd1 Qxa3 21.Bxe5 Qxa4 22.Rxb7 Rfc8
23.Qxa4 Bxa4 24.Ra1 Bc6 25.Rb2 Nd7 26.Bd6 e5 27.Nc3 f6 28.Rd1 Kf7 29.Nxd5 Bxd5
30.Rxd5 Ke6 31.e4 Rc6 32.Ra2 a5 33.Ra4  1/2-1/2

[Event "Politiken Cup 2013"]
[Site "Helsingor DEN"]
[Date "2013.08.01"]
[Round "7.98"]
[White "Nordstrom,Hakon N"]
[Black "Lofgren,C"]
[Result "1/2-1/2"]
[WhiteElo "1830"]
[BlackElo "2127"]

1.d4 Nf6 2.Bg5 Ne4 3.Bf4 d5 4.f3 Nf6 5.e4 dxe4 6.Nc3 e3 7.Bc4 Bf5 8.Nge2 e6
9.Ng3 Bg6 10.Nge4 Nd5 11.Bg5 Nxc3 12.bxc3 Be7 13.Bxe3 Nd7 14.O-O O-O 15.Qd2 Nb6
16.Bb3 Nd5 17.Bf2 c6 18.c4 Nf6 19.Rfe1 c5 20.d5 Bxe4 21.fxe4 e5 22.Rad1  1/2-1/2

[Event "XXII TCh-MKD 2013"]
[Site "Struga MKD"]
[Date "2013.08.01"]
[Round "4.2"]
[White "Kutirov,R"]
[Black "Arnaudov,G"]
[Result "1/2-1/2"]
[WhiteElo "2326"]
[BlackElo "2487"]

1.d4 Nf6 2.Bg5 Ne4 3.Bf4 e5 4.Bxe5 Nc6 5.Nd2 d5 6.Nxe4 dxe4 7.Bf4 Qxd4 8.Qxd4 Nxd4
9.O-O-O Ne6 10.Bd2 Bd7 11.e3 Bd6 12.Ne2 O-O-O 13.Ng3 Bxg3 14.hxg3 Ng5 15.Be2 f6
16.Bc3 h6 17.b3 Be6 18.a4 c5 19.Rxd8+ Rxd8 20.Rd1 Rxd1+ 21.Kxd1 Kc7 22.Kd2 b6
23.Bh5 a5 24.Bb2 Kd6 25.c4 Bf7 26.Bg4 h5 27.Bd1 Ke7 28.Ke1 g6 29.Bc3 Be6
30.f3 Bf5 31.Kf2 Nf7 32.g4 hxg4 33.fxg4 Bd7 34.Kg3 g5 35.Be2 Nd6 36.Bd1 Ke6
37.Be2 Be8  1/2-1/2

[Event "Sparkassen Open A 2013"]
[Site "Dortmund GER"]
[Date "2013.08.02"]
[Round "7.20"]
[White "Boehm,Ju2"]
[Black "Schulze,Marc"]
[Result "1-0"]
[WhiteElo "2189"]
[BlackElo "1926"]

1.d4 Nf6 2.Bg5 Ne4 3.Bf4 d5 4.e3 c5 5.Bd3 Nf6 6.c3 Qb6 7.Qc1 Nc6 8.h3 g6
9.Nf3 Bg7 10.O-O O-O 11.Nbd2 Nd7 12.Rd1 e5 13.dxe5 Ndxe5 14.Nxe5 Nxe5 15.Be2 Be6
16.Nf3 Nxf3+ 17.Bxf3 d4 18.cxd4 Rac8 19.Qd2 cxd4 20.exd4 Rfd8 21.Be3 Bd5
22.Bxd5 Rxd5 23.Rac1 Rcd8 24.Rc4 Qa6 25.Qb4 Qxa2 26.Rc7 b6 27.Qe7 Rf8 28.Rdc1 Qxb2
29.Rc8 Rxd4 30.Bxd4 Qxd4 31.Rxf8+ Bxf8 32.Rc8 Qg7 33.Qxa7 b5 34.Qc5 h5 35.g3 Qa1+
36.Kg2 Qg7 37.Qe7 f6 38.Qc5 Qf7 39.Qxb5 Kh7 40.Rd8 Bg7 41.Rd7 Qa2 42.Qb7 Qg8
43.g4 hxg4 44.hxg4 Qf8 45.Rf7 Qg8 46.Rxf6 Qc4 47.Kg3 Kg8 48.Qc6 Qd3+ 49.Rf3 Qf1
50.Qxg6 Qg1+ 51.Kf4 Qc1+ 52.Re3  1-0

[Event "9th Gazi 2013"]
[Site "Gazi GRE"]
[Date "2013.08.03"]
[Round "9"]
[White "Papadakis,M"]
[Black "Maris,Io"]
[Result "1-0"]
[WhiteElo "2222"]
[BlackElo "1954"]

1.d4 Nf6 2.Bg5 Ne4 3.Bf4 d5 4.e3 e6 5.Bd3 c5 6.c3 Nc6 7.Nd2 Nxd2 8.Qxd2 Bd6
9.Bg3 Qe7 10.Nf3 Bd7 11.O-O Bxg3 12.hxg3 e5 13.e4 dxe4 14.Bxe4 O-O-O 15.Rfe1 f6
16.dxe5 Nxe5 17.Nxe5 fxe5 18.Qe3 Kb8 19.Bf3 Rhe8 20.Rad1 g5 21.Rd5 g4 22.Be4 b6
23.Red1 Kc7 24.Qh6 Be6 25.Rxd8 Rxd8 26.Rxd8 Kxd8 27.b3 a5 28.Bxh7 Kc7 29.Be4 b5
30.Qh8 Qg5 31.Kh2 Bf7 32.Qh4 Qh5 33.Kg1 Qxh4 34.gxh4 a4 35.bxa4 b4 36.cxb4 cxb4
37.Kh2 Kd6 38.Kg3 Bxa2 39.h5 Ke7 40.h6 Kf6 41.a5 Bc4 42.h7 Kg7 43.Kxg4 Be6+
44.Kg5 b3 45.a6  1-0

[Event "FSFMA2 August 2013"]
[Site "Budapest HUN"]
[Date "2013.08.04"]
[Round "2.2"]
[White "Gruter,Martin"]
[Black "Juhasz,Bel"]
[Result "0-1"]
[WhiteElo "1854"]
[BlackElo "2194"]

1.d4 Nf6 2.Bg5 Ne4 3.Bf4 d5 4.f3 Nf6 5.e4 dxe4 6.Nc3 exf3 7.Nxf3 Bg4 8.h3 Bh5
9.Bc4 e6 10.Qe2 Bd6 11.Bxd6 cxd6 12.O-O-O O-O 13.g4 Bg6 14.Nh4 d5 15.Nxg6 hxg6
16.Bd3 Nc6 17.Qf2 Qb6 18.Be2 e5 19.g5 Nxd4 20.Qh2 Ne4 21.h4 Rac8 22.h5 Rxc3
23.bxc3 Nxc3 24.Rxd4 Nxa2+ 25.Kd2 Qxd4+ 26.Bd3 Qf4+ 27.Qxf4 exf4 28.hxg6 fxg6
29.c3 Rc8 30.Bb1 Nxc3 31.Rc1 d4 32.Bxg6 Rc5 33.Re1 Rc8 34.Re7 f3 35.Ke1 Rd8
36.Bd3 b5 37.g6 a5 38.Kf2 a4 39.Rc7 a3 40.Bc2 a2 41.Bb3+ Kf8 42.Rf7+ Ke8
43.Bxa2 Nxa2 44.Rxg7 Kf8  0-1

[Event "Sparkassen Open A 2013"]
[Site "Dortmund GER"]
[Date "2013.08.04"]
[Round "9.10"]
[White "Zweschper,E"]
[Black "Imcke,P"]
[Result "0-1"]
[WhiteElo "2116"]
[BlackElo "1962"]

1.d4 Nf6 2.Bg5 Ne4 3.Bf4 c5 4.f3 g5 5.Bxb8 Qb6 6.Be5 f6 7.d5 fxe5 8.fxe4 g4
9.Nd2 Qxb2 10.Rb1 Qd4 11.Rb3 Bh6 12.Rd3 Qa4 13.e3 d6 14.Ne2 c4 15.Rc3 b5
16.Ng3 Qa5 17.Qa1 O-O 18.Be2 Qb6 19.Nf5 Bxf5 20.exf5 Bxe3 21.Qb1 Bxd2+ 22.Kxd2 Qd4+
23.Kc1 Qxc3 24.Bxg4 Qe3+  0-1

[Event "16th Olomouc Open"]
[Site "Olomouc CZE"]
[Date "2013.08.04"]
[Round "4.11"]
[White "Kireev,Al"]
[Black "Zdrazil,T"]
[Result "1-0"]
[WhiteElo "2337"]
[BlackElo "2048"]

1.d4 Nf6 2.Bg5 Ne4 3.Bh4 d5 4.f3 g5 5.fxe4 gxh4 6.e3 c5 7.Nc3 dxe4 8.Nxe4 cxd4
9.Qxd4 Qxd4 10.exd4 Bf5 11.Bd3 Nc6 12.c3 Rg8 13.Kf2 Bg6 14.Nf3 O-O-O 15.Rad1 h3
16.g3 Bh5 17.Neg5 Bh6 18.Nxh3 Rd6 19.Rhe1 Rgd8 20.Be4 Kc7 21.Bxc6 bxc6 22.Rxe7+ Kb6
23.Rde1 Rf6 24.Ng1 Rd5 25.R7e5 Bd2 26.R1e2 Bc1 27.Rc2 Bh6 28.Kg2 Bg6 29.Rce2 Bd3
30.Re1 Bg7 31.Nh3 Rh6 32.Nf4 Bxe5 33.Nxe5 Bc2 34.Nxd5+ cxd5 35.Nxf7 Rf6 36.Ne5 Kb5
37.g4 Be4+ 38.Kg3 Ra6 39.a3 Ka4 40.Nd7 Kb5 41.Nc5  1-0

[Event "Chinese Teams 2013"]
[Site "Wuxi CHN"]
[Date "2013.08.05"]
[Round "10.3"]
[White "Wang Yue"]
[Black "Lin Chen"]
[Result "1-0"]
[WhiteElo "2713"]
[BlackElo "2466"]

1.d4 Nf6 2.Bg5 Ne4 3.Bf4 d5 4.e3 c5 5.Bd3 Nc6 6.c3 cxd4 7.exd4 Bf5 8.Ne2 Qb6
9.f3 e5 10.Bc1 Nd6 11.O-O Be7 12.Kh1 O-O 13.dxe5 Nxe5 14.Bxf5 Nxf5 15.Qxd5 Bf6
16.Na3 Rfe8 17.Nf4 Bg5 18.Qb5 Qh6 19.Nh3 Bxc1 20.Rfxc1 a6 21.Qxb7 Nd3 22.Rc2 Ne3
23.Re2 Rab8 24.Qd7 Rbd8 25.Qc7 g6 26.Rb1 Nf5 27.Nc4 Qh4 28.Re4 Rxe4 29.fxe4 Re8
30.Nd6  1-0

[Event "3rd Riga Tech Uni Op"]
[Site "Riga LAT"]
[Date "2013.08.06"]
[Round "2.3"]
[White "Beinoras,M"]
[Black "Vovk,Y"]
[Result "1/2-1/2"]
[WhiteElo "2378"]
[BlackElo "2608"]

1.d4 Nf6 2.Bg5 Ne4 3.Bf4 c5 4.f3 Nf6 5.d5 Nh5 6.Bg5 h6 7.Bc1 e5 8.Nh3 d6
9.Nf2 f5 10.e4 f4 11.Bb5+ Nd7 12.g4 fxg3 13.hxg3 g6 14.g4 Nf4 15.Bxf4 exf4
16.e5 Qa5+ 17.Nc3 Bg7 18.Qd3 Bxe5 19.Qxg6+ Kd8 20.Ne4 Kc7 21.Rh5 Bxc3+ 22.Nxc3 a6
23.Bxd7 Bxd7 24.O-O-O Rag8 25.Qf6 Rf8 26.Qg7 Rfg8 27.Qf6 Rf8 28.Qg7 Rfg8
29.Qf6 Rf8  1/2-1/2

[Event "Arad Open 2013"]
[Site "Arad ROU"]
[Date "2013.08.08"]
[Round "8.7"]
[White "Sadilek,P"]
[Black "Stojanovic,Da"]
[Result "0-1"]
[WhiteElo "2261"]
[BlackElo "2514"]

1.d4 Nf6 2.Bg5 Ne4 3.Bf4 d5 4.e3 c5 5.Bd3 Nf6 6.c3 Nc6 7.Nd2 e6 8.Ngf3 Bd6
9.Bg3 Bxg3 10.hxg3 Qe7 11.Qe2 Bd7 12.dxc5 Qxc5 13.e4 dxe4 14.Nxe4 Nxe4 15.Bxe4 h6
16.O-O O-O 17.Rfd1 Rfd8 18.Rd2 Be8 19.Rad1 Rxd2 20.Rxd2 Rc8 21.Bc2 b6 22.Qe4 g6
23.Qf4 Kg7 24.g4 Ne7 25.g5 hxg5 26.Nxg5 Nf5 27.Qh2 Nh6 28.Ne4 Qe7 29.Qe5+ f6
30.Qg3 Nf5 31.Qd3 Rc7 32.Qa6 Bc6 33.Re2 Bd5 34.Bb3 Bxb3 35.axb3 Rd7 36.Rd2 Rxd2
37.Nxd2 Qd7 38.Nf3 e5 39.Qa4 b5 40.Qb4 a6 41.c4 e4 42.Qd2 Qf7 43.Nd4 bxc4
44.Nxf5+ gxf5 45.Qf4 cxb3 46.Qxf5 Qc4 47.Qd7+ Kh6 48.Qh3+ Kg5 49.Qe3+ Kg6
50.Qf4 Kf7 51.g4 Qd5 52.Qc7+ Kg6 53.Qf4 a5 54.Qc1 a4 55.Kh2 Qg5 56.Qc8 Qf4+
57.Kg1 Kg5 58.Qg8+ Kh4 59.Qh7+ Kxg4 60.Qg6+ Kf3  0-1

[Event "2nd Washington Int"]
[Site "Rockville USA"]
[Date "2013.08.08"]
[Round "5.17"]
[White "Almeida Saenz,A"]
[Black "Homa,S"]
[Result "0-1"]
[WhiteElo "2352"]
[BlackElo "2311"]

1.d4 Nf6 2.Bg5 Ne4 3.Bf4 d5 4.f3 Nf6 5.c4 e6 6.Nc3 c5 7.Nb5 Na6 8.e3 cxd4
9.exd4 Bb4+ 10.Kf2 dxc4 11.Bxc4 O-O 12.Ne2 Bd7 13.Qb3 Bxb5 14.Bxb5 Nd5 15.Bxa6 bxa6
16.Rad1 Bd6 17.Bxd6 Qxd6 18.Rd3 Rab8 19.Qa3 Qxa3 20.bxa3 Rb2 21.Rhd1 Rxa2
22.R1d2 Rxd2 23.Rxd2 Rb8 24.Rc2 g6 25.Nc1 Rb1 26.Nd3 Rb3 27.Rc8+ Kg7 28.Ne5 Rxa3
29.Ra8 Ra2+ 30.Kg3 Ne3 31.Rxa7 Rxg2+ 32.Kh3 Ra2 33.Nxf7 h5 34.Ng5+ Kg8 35.Ra8+ Kg7
36.Ra7+ Kg8 37.Kg3 Rg2+ 38.Kf4 Nd5+ 39.Ke5 Rxg5+ 40.Kxe6 Nf4+ 41.Ke7 a5 42.Ra8+ Kg7
43.Ra7 Rd5 44.Ke8+ Kg8 45.Ke7 h4 46.Ra6 Kg7 47.Ra7 h3 48.Ke8+ Kf6 49.Rf7+ Kg5
50.Ra7 a4 51.Rxa4 Kf6 52.Ra7 Rxd4  0-1

[Event "11th Davos Holiday Open 2013"]
[Site "Davos SUI"]
[Date "2013.08.10"]
[Round "5.4"]
[White "Buerge,R"]
[Black "Boschetti,C"]
[Result "1/2-1/2"]
[WhiteElo "1979"]
[BlackElo "2148"]

1.d4 Nf6 2.Bg5 Ne4 3.h4 c5 4.dxc5 h6 5.Be3 e6 6.b4 b6 7.Qd3 f5 8.Nd2 Nxd2
9.Bxd2 Bb7 10.Nf3 bxc5 11.a3 Be4 12.Qb3 Nc6 13.b5 Rb8 14.e3 a6 15.a4 axb5
16.Bxb5 Qf6 17.Bc3 Qg6 18.Kf1 f4 19.h5 Qf5 20.Nh4 Qxh5 21.Qc4 Qd5 22.Qe2 fxe3
23.Qxe3 Bxc2 24.Nf3 Be4 25.Rh3 Nd4 26.Rd1 e5 27.Rg3 g5 28.Re1 Nxb5 29.axb5 Bd3+
30.Kg1 d6 31.Nxe5 dxe5 32.Qxd3 Qxd3 33.Rxe5+ Kf7 34.Rxd3 Rh7 35.Rd7+ Kg8
36.Rxh7 Kxh7 37.Rf5 Kg8 38.f4 gxf4 39.Rxf4 Rxb5 40.Kf2 Rb3 41.Rf3 Bg7 42.Ba5 Rxf3+
43.Kxf3 Kf7 44.Ke4 Ke6 45.g4 Bf6 46.Bd2 Bg5 47.Bc3 Kd6 48.Bg7 Ke6 49.Bf8 c4  1/2-1/2

[Event "Geraardsbergen Open 2013"]
[Site "Geraardsbergen BEL"]
[Date "2013.08.11"]
[Round "4.6"]
[White "Wiley,To"]
[Black "Windels,J"]
[Result "1/2-1/2"]
[WhiteElo "2258"]
[BlackElo "1995"]

1.d4 Nf6 2.Bg5 Ne4 3.Bf4 c5 4.f3 Qa5+ 5.c3 Nf6 6.Nd2 cxd4 7.Nb3 Qb6 8.Qxd4 Qxd4
9.cxd4 d6 10.e4 Nc6 11.Be3 g6 12.Ne2 Bg7 13.Nc3 O-O 14.d5 Nb4 15.O-O-O b6
16.Nd4 Bb7 17.a3 Na6 18.Bb5 Rfc8 19.Bc6 Bxc6 20.Nxc6 Kf8 21.Kb1 Nb8 22.Nd4 Nfd7
23.Rc1 Nc5 24.Rc2 Nbd7 25.Rd1 Bxd4 26.Bxd4 Nb3 27.Be3 Ne5 28.Bh6+ Ke8 29.h4 Rc4
30.Ka2 Na5 31.b4 Nb7 32.Kb3 Rac8 33.Rdd2 a6 34.Be3 b5 35.Bb6 Rxc3+ 36.Rxc3 Rxc3+
37.Kxc3 Nc4 38.Bd4 Nxd2 39.Kxd2 Kd7 40.Ke3 e5 41.Bb6 h5 42.g3 Ke7 43.f4 f6
44.Kf3 Nd8 45.Bxd8+ Kxd8 46.f5 gxf5 47.exf5 Ke7 48.Ke4  1/2-1/2